| 000 | 00000nam##2200000za#4500 |
| 001 | 9.542871 |
| 003 | CaOODSP |
| 005 | 20240612102437 |
| 007 | ta |
| 008 | 150406|2006||||xxc||||| f|0| 0 fre|d |
| 040 | |aCaOODSP|bfre |
| 041 | |aeng |
| 041 | |afre |
| 043 | |an-cn--- |
| 086 | 1 |aRv55-5/11-4-14-2006 |
| 110 | 2 |aAgence des services frontaliers du Canada. |
| 245 | 10|aCertificat d'origine |
| 260 | |aOttawa - Ontario : |bAgence des services frontaliers du Canada |
| 300 | |aTexte français, 22p. : |bréférences ; |c28 cm. |
| 490 | 1 |aMémorandums D des douanes. D11, Renseignements généraux sur le tarif |vD11-4-14, le 16 mars 2006 |
| 500 | |aCeci annule les mémorandums «D» - D11-4-14, le 15 juillet 1998. |
| 563 | |aPolycopié |
| 776 | 0#|tCertification of origin |w(CaOODSP)9.580865 |
| 776 | 0#|tCertificat d'origine |w(CaOODSP)9.607802 |
| 791 | |tCertification of origin |eeng|w(CaOODSP)9.542870 |
| 830 | #0|aMémorandums D des douanes. D11, Renseignements généraux sur le tarif ;|vD11-4-14, le 16 mars 2006|w(CaOODSP)9.510863 |